1805 1809 1243 1250 1735 1314 1954 1477 1271 1238 1578 1818 1228 1293 1280 1648 1889 1404 1718 1431 1780 1358 1326 1801 1479 1540 1688 1741 1185 1235 1123 1551 1339 1143 1610 1509 1319 1121 1701 1242 1961 1237 1140 1565 1012 1793 1683 1146 1298 1078 1864 1296 1454 1828 1340 1336 1854 1950 1551 1320 1314 1699 1456 1018 1135 1663 1683 1181 1377 1292 1079 1018 1201 1927 1482 1316 1360 1793 1862 1571 1907 1996 1192 1727 1186 1286 1647 1199 1271 1600 1374 1550 1932 1551 1153 1790 1354 1651 1962 BCNSPRNW ULIB Ver.6.0+V

เปลี่ยนเป็นภาษาไทย

Change to English
 แสดงรายละเอียดบรรณานุกรม
  กลับหน้าหลัก

Brief Record : Get Marc (ISO 2709) : E-mail record : QR code < ปิดหน้าต่าง
LEADER : 00000nam 2200000uu 4500
001    13399111074
003     ULIB
008    110615s||||||||th 000 0 tha d
020    9789749763643
050 04 BF441^bร936ค 2552
100 1  โรเบิร์ต แอนโธนี
245 10 คิดให้ถูก :^b Beyond Positive Thinking /^cโรเบิร์ต แอนโธนี,เขียน ; กานต์สิริ โรจนสุวรรณ,แปล
246 31 Beyond Positive Thinking
250    พิมพ์ครั้งที่ 1
260    กรุงเทพฯ :^bสำนักพิมพ์ต้นไม้,^c2552
300    245 หน้า
650  7 การเปลี่ยนแปลงชีวิต
650  7 ความคิด
700 00 กานต์สิริ โรจนสุวรรณ,^eผู้แปล
945    ^p225^l0^i027705
995    ทศพร
999 ^a ใช้งานได้ทุกระบบ
รายการนี้ยังไม่มีแท็ก
คุณยังไม่ได้ล็อกอิน คุณสามารถมีกิจกรรมร่วมกับเว็บไซต์ได้ แต่ต้องล็อกอินก่อน ::
  ล็อกอิน

รายการสื่อสารสนเทศ

ลำดับที่ ประเภท เลขเรียก/บาร์โค้ด สถานที่ สถานะ
- ไม่พบข้อมูล -

รายการใกล้เคียง
    หัวเรื่อง [ความคิด]

BibComment


ยังไม่เคยถูกคอมเมนท์

คอมเมนท์ทรัพยากรรายการนี้
  คอมเมนท์: คิดให้ถูก Beyon..


 Copyright 2026. Bcnsprnw @Library